| 000 | 01843nam a2200529 i 4500 | ||
|---|---|---|---|
| 001 | 32572 | ||
| 003 | KOSZ 005 | ||
| 005 | 20220510124522.0 | ||
| 008 | 970510s1994 pl |000 0 pol | ||
| 015 | _aUWD 1994/4794 | ||
| 020 | _a8385416234 | ||
| 035 | _a991000505429705066 | ||
| 035 | _a(PL-WaBN)b10177218-48omnis_nlop | ||
| 035 | _ab10177218 | ||
| 035 | _a(OCoLC)830053295 | ||
| 035 | _azz2006779805 | ||
| 035 | _a(PL)b0000001017721 | ||
| 035 | _a(EXLNZ-48OMNIS_NETWORK)9910207865205606 | ||
| 040 |
_aWA N _cWA N _dKOSZ 005/HR |
||
| 041 | 1 |
_apol _heng |
|
| 046 | _k1991 | ||
| 080 | _a613.81/.83-053.2 | ||
| 080 | _a159.9-056.83 | ||
| 100 | 1 |
_aMaxwell, Ruth _d(1933- ) _eAutor |
|
| 245 | 1 | 0 |
_aDzieci, alkohol, narkotyki : _bprzewodnik dla rodziców / _cRuth Maxwell ; przeł. [z ang.] Jadwiga Węgrodzka. |
| 246 | 1 |
_iTyt. oryg.: _aKids, alkohol & drugs, _f1991 |
|
| 260 |
_aGdańsk : _bGdańskie Wydawnictwo Psychologiczne, _c1994. |
||
| 300 |
_a204, [2] s. ; _c21 cm. |
||
| 336 |
_aTekst _btxt _2rdacontent |
||
| 337 |
_aBez urządzenia pośredniczącego _bn _2rdamedia |
||
| 338 |
_aWolumin _bnc _2rdacarrier |
||
| 380 | _aKsiążki | ||
| 388 | _a1901-2000 | ||
| 388 | _a1989-2000 | ||
| 504 | _aBibliogr. s. [205-206]. | ||
| 650 | 7 |
_aAlkoholizm dzieci i młodzieży _2DBN |
|
| 650 | 7 |
_aAlkoholizm w rodzinie _2DBN |
|
| 650 | 7 |
_aNarkomania dzieci i młodzieży _2DBN |
|
| 650 | 7 | _aRodzina dysfunkcyjna | |
| 658 | _aRodzina, relacje międzyludzkie | ||
| 658 | _aPsychologia | ||
| 700 | 1 |
_aWęgrodzka, Jadwiga _d(1956- ) _eTłumaczenie |
|
| 710 | 2 |
_aGdańskie Wydawnictwo Psychologiczne _4pbl |
|
| 856 |
_uhttp://koha.tu.koszalin.pl/cgi-bin/koha/opac-detail.pl?biblionumber=32572 _yKatalog online BPK |
||
| 942 |
_2UKD _cKS |
||
| 999 |
_c32572 _d32572 |
||